00929nab a22001937a 4500003000400000005001700004008004100021040000700062100002300069245012400092260007200216300001300288500003800301505012900339505008900468650002000557650002000577773013800597OSt20251230235243.0190605e xxu||||| |||| 00| 0 spa d cPJ aSfeir, Santiago L.13aLa facultad de control médico del art. 210 LCT y las dificultades a la hora de su aplicación / cSantiago L. Sfeir. aCiudad Autónoma de Buenos Aires :bThomson Reuters La Ley,c2024. ap. 81-84 aCita: TR LALEY AR/DOC/2040/2024  aSumario: I. Introducción.— II. La figura del control médico y las potestades de las partes.— III. Palabras finales.  t¿Te interesa el texto completo? Solicitalo al correo: koha@justierradelfuego.gov.ar 0aDERECHO LABORAL 0aREFORMA LABORAL0 02711dCiudad Autónoma de Buenos Aires : Thomson Reuters La Ley, 1999-2002.tRevista de derecho del trabajo. Nº 5 - Septiembre 2024